Přehled užité matematiky I.,II /
Salvato in:
| Autore principale: | |
|---|---|
| Natura: | Libro |
| Pubblicazione: |
Praha :
SNTL,
1988
|
| Edizione: | 5.vyd. |
| Tags: |
Nessun Tag, puoi essere il primo ad aggiungerne!!
|
MARC
| LEADER | 00000nam a22000003a 4500 | ||
|---|---|---|---|
| 001 | stu48427 | ||
| 005 | 20150617225711.4 | ||
| 008 | ------s1988----cs----------------------d | ||
| 040 | |a STU |b slo | ||
| 041 | 0 | ||
| 044 | |a cs | ||
| 080 | |a 51 |7 stu_us_auth*stu8333 | ||
| 100 | 1 | |a Raktorys, Karel |4 aut | |
| 245 | 1 | |a Přehled užité matematiky I.,II / |c [aut.] Raktorys,Karel a kol | |
| 250 | |a 5.vyd. | ||
| 260 | |a Praha : |b SNTL, |c 1988 | ||
| 300 | |a 1144 s | ||
| 996 | |b J83078 |c J*83078-83079/K 6 |l JJK6 |s P |a 0 |w stu48427_0001 | ||
| 996 | |b J83079 |c J*83078-83079/K 6 |l JJK6 |s P |a 0 |w stu48427_0002 | ||